Suburbs of Gold Coast with a Map - Statistics

General Stats
  • This quiz has been taken 1,189 times
  • The average score is 25 of 52
Answers on the Map
Answers color-coded by a green-red scale on the quiz's map according to % correct below.
 
Answer Stats
Answer % Correct
Surfers Paradise
90%
Broadbeach
80%
Helensvale
77%
Southport
77%
Coomera
75%
Coolangatta
74%
Burleigh Heads
73%
Miami
73%
Nerang
71%
Robina
70%
Ormeau
62%
Currumbin
60%
Palm Beach
60%
Main Beach
59%
Mermaid Beach
54%
Pimpama
54%
Varsity Lakes
54%
Hope Island
53%
Burleigh Waters
52%
Labrador
52%
Mermaid Waters
51%
Ashmore
49%
Upper Coomera
48%
Carrara
46%
Tugun
46%
Yatala
45%
Tallebudgera
44%
Broadbeach Waters
43%
Mudgeeraba
43%
Oxenford
43%
Arundel
41%
Runaway Bay
40%
Pacific Pines
39%
Merrimac
38%
Jacobs Well
37%
Bundall
36%
Elanora
36%
Paradise Point
36%
Benowa
33%
Biggera Waters
32%
Parkwood
32%
Currumbin Waters
31%
Molendinar
30%
Coombabah
29%
Tallai
29%
Reedy Creek
28%
Worongary
28%
Clear Island Waters
27%
Bilinga
26%
Highland Park
23%
Hollywell
21%
Neranwood
15%
No matching quizzes found
Score Distribution
Percent of People with Each Score
Percentile by Number Answered
Your Score History
You have not taken this quiz